000 01508cam a22004094i 4500
003 PE-LiUPU
005 20250731175621.0
008 150623s r 000 0 d
020 _a0931464803
035 _a(Sirsi) i9780931464805
040 _aPE-LiUPU
_bspa
_cPE-LiUPU
_erda
049 _aPRUA
082 0 4 _a499.95
_bH45
_221
245 0 0 _aHouse most high :
_bThe temples of ancient mesopotamia /
_c[compilado y editado por] A.R. George.
264 1 _aWinona Lake, Indiana :
_bEisenbrauns,
_c1993.
300 _a209 páginas :
_bilustraciones Facsims. ;
_c26 centímetros
336 _atext
_2rdacontent
337 _aunmediated
_2rdamedia
338 _avolume
_2rdacarrier
490 0 _aMesopotamian civilizations ;
_v5
504 _aIncluye bibliografía al pie de páginas.
505 0 _aThe temple lists of ancient mesopotamia. -The temples of ancient mesopotamia: A Gazetteer.
526 _aP145
526 _aP127
526 _aP97
526 _aP35
526 _aP14
526 _aP07
650 0 4 _aTemplos mesopotámicos.
700 1 _aGeorge, A. R.,
_eed.
942 _2ddc
_cBOOK
949 _a499.95 H45
_wDEWEY
_c1
_i43757
_lCCODEBUL1
_mBUL
_r0
_sY
_tBOOK
_u2015-6-24
_xTEOLOGIA
_PP35
_0COMPRA
_o.STAFF. Colección General
994 _aC0
_bPEPRU
596 _a1
999 _a499.95 H45
_wDEWEY
_c20159
_i43757
_f2021-11-12
_g5
_lCCODEBUL1
_mBUL
_r0
_sY
_tBOOK
_u2015-6-24
_xTEOLOGIA
_PP35
_0COMPRA
_o.STAFF. Colección General
_d20159
980 _81
_gALBERTO SANCHEZ Responsable de Automatización